| 000 | 00715nam a22001577a 4500 | ||
|---|---|---|---|
| 003 | OSt | ||
| 005 | 20151001104308.0 | ||
| 008 | 151001b xxu||||| |||| 00| 0 eng d | ||
| 040 | _cRUA | ||
| 082 | _aAVM ជឿន 1993 B067 Or.1 | ||
| 100 |
_91664 _aជឿន សុជាតិ |
||
| 245 | _aបរិការណ៍សង្គម និង លទ្ធផលបច្ចេកទេសសេដ្ឋកិច្ចនៃការចិញ្ចឹមសត្វស្លាបពាក់កណ្ដាលឧស្សាហកម្ម នៅស្រុក គៀនស្វាយ ខេត្តកណ្ដាល, | ||
| 260 |
_aphnom penh _bRUA _c1993 |
||
| 300 |
_a107p. _bill. _c29cm. |
||
| 942 |
_2ddc _cAVM |
||
| 999 |
_c1569 _d1569 |
||